• 首页
  • 本馆介绍
  • 公告通知
  • 最新文献
  • 馆藏检索
  • 电子资源
  • 读者导购
  • 参考咨询
  • 我的图书馆
  • 登录
  • 详细信息显示
  • 放入我的书架
  • 预约/预借图书
  • 作者相关作品
  • 分类相关作品
  • 丛书相关作品
  • 出版社相关作品

书目信息

  • 表格格式
  • 工作单格式
  • 卡片格式
题名:
巴塞尔资本协议Ⅲ的实施
    
 
作者: 巴曙松 , 金玲玲 著
分册:  
出版信息: 北京   中国人民大学出版社  2014
页数: 406页
开本: 23cm
丛书名:
单 册:
中图分类: F831.2
科图分类:
主题词:
电子资源:
ISBN: 978-7-300-18448-7
000 01157nam0 2200265 450
001 338042
005 20150529084345.95
010    @a978-7-300-18448-7@dCNY85.90
100    @a20140225d2014 em y0chiy50 ea
101 0  @achi
102    @aCN@b110000
105    @ay z 000yy
106    @ar
200 1  @a巴塞尔资本协议Ⅲ的实施@Aba sai er zi ben xie yi Ⅲ de shi shi@d= Implementation of Basel III@e基于金融结构的视角@ebased on the perspective of financial structure@f巴曙松, 金玲玲等著@zeng
210    @a北京@c中国人民大学出版社@d2014
215    @a406页@d23cm
300    @a谌庐文化
330    @a本书既对巴塞尔Ⅲ的政策修订进行了跟踪和解读, 又从金融结构的视角对巴塞尔Ⅲ的国际实施进展进行比较分析, 同时结合国际政策的推进和实施的进展情况, 在对相关问题进行深入理论剖析的基础上, 结合中国银行业的实际情况提出在中国实施巴塞尔Ⅲ的建议。
510 1  @aImplementation of Basel III@ebased on the perspective of financial structure@zeng
601 02 @a国际清算银行@x协议@x研究
690    @aF831.2@v5
701  0 @a巴曙松@Aba shu song@f(1969)@4著
701  0 @a金玲玲@Ajin ling ling@c(经济学)@4著
801  0 @aCN@b卓展宏图@c20150525
905    @dF831.2@e61@f3
    
    巴塞尔资本协议Ⅲ的实施= Implementation of Basel III:基于金融结构的视角:based on the perspective of financial structure/巴曙松, 金玲玲等著.-北京:中国人民大学出版社,2014
    406页;23cm
    谌庐文化
    
    ISBN 978-7-300-18448-7:CNY85.90
    本书既对巴塞尔Ⅲ的政策修订进行了跟踪和解读, 又从金融结构的视角对巴塞尔Ⅲ的国际实施进展进行比较分析, 同时结合国际政策的推进和实施的进展情况, 在对相关问题进行深入理论剖析的基础上, 结合中国银行业的实际情况提出在中国实施巴塞尔Ⅲ的建议。
●
相关链接 在E读中查询图书 在五车中查询图书 在当当中查询图书 在豆瓣中查询图书


正题名:巴塞尔资本协议Ⅲ的实施     索取号:F831.2/61         预约/预借

序号 登录号 条形码 馆藏地/架位号 状态 备注
1 857182   208571829   第一样本阅览室/ [索取号:F831.2/61] 在馆    
2 857183   208571838   密集书库-海洋学院/ [索取号:F831.2/61] 在馆    
3 857184   208571847   第一借阅区/ [索取号:F831.2/61] 在馆    
唐山师范学院图书馆 欢迎您!
大连网信软件有限公司© 版权所有